| 000 | 01094nam a2200205 a 4500 | ||
|---|---|---|---|
| 008 | 211116s2016 ||||||||||||||||| || u | ||
| 020 | _a9780128096567 | ||
| 050 | _aTD 479.7 Bel | ||
| 100 | _aBelessiotis, Vassilis | ||
| 245 | 1 | 0 |
_aThermal solar desalination : methods and systems _cby Vassilis Belessiotis; Soteris Kalogirou; Emmy Delyannis |
| 260 |
_aLondon _bAcademic Press _c2016 |
||
| 300 | _axiii, 368 pages : illustrations | ||
| 650 | _aSOLAR SALINE WATER CONVERSION PLANTS | ||
| 650 | _aTECHNOLOGY AND ENGINEERING | ||
| 700 | _aKalogirou, Soteris | ||
| 700 | _aDelyannis, Emmy | ||
| 995 |
_aMAIN LIBRARY OPEN ACCESS _e751353 _FCBU-MAIN LIBRARY (Kitwe) _I91.06 _jTD 479.7 Bel _M1 _UAVAILABLE _WNov 16, 2021 _y751353 _ZMain Library Open Access Collection |
||
| 995 |
_aMAIN LIBRARY OPEN ACCESS _e751355 _FCBU-MAIN LIBRARY (Kitwe) _I91.06 _jTD 479.7 Bel _M3 _UAVAILABLE _WNov 16, 2021 _y751355 _ZMain Library Open Access Collection |
||
| 995 |
_aMAIN LIBRARY OPEN ACCESS _e751354 _FCBU-MAIN LIBRARY (Kitwe) _I91.06 _jTD 479.7 Bel _M2 _UAVAILABLE _WNov 16, 2021 _y751354 _ZMain Library Open Access Collection |
||
| 999 |
_c81286 _d81286 |
||